000 00399cam a2200157ua 4500
020 _cRs.3/-
041 _amal
_h
082 _a894.812809
_bKRI/AD
100 _aKrishnan Nair, M .
245 _aAdhunika Malyakavitha /
_cKrishnan Nair M.
_hTextual Documents
260 _aCalicut :
_bP.K Brothers ,
_c1959.
300 _a226 ; .
365 _aRs.3/-
504 _a
999 _c11739
_d11739